|
|
|
|
| LEADER |
00993nam a22002537a 4500 |
| 001 |
31929 |
| 003 |
BD-DhAAL |
| 008 |
171123t2015 bg a|||| b||| 00| 0 eng d |
| 999 |
|
|
|c 38611
|d 38611
|
| 020 |
|
|
|a 9789843390745
|
| 040 |
|
|
|a BD-DhAAL
|
| 082 |
|
|
|2 21
|a 363.7387495492
|
| 245 |
|
|
|a Climate change risk and adaptation in Bangladesh /
|c Ahmadul Hassan, Luke Parsons, editors
|
| 260 |
|
|
|a Dhaka :
|b Green University Press,
|c 2015
|
| 300 |
|
|
|a 200 pages :
|b illustrations ;
|c 24 cm.
|
| 504 |
|
|
|6 Includes bibliographical references (pages 189-192, 200)
|
| 526 |
|
|
|a AAL
|
| 541 |
|
|
|a Complimentary copy
|e 31929
|
| 650 |
|
|
|a Climatic changes
|x Risk management
|z Bangladesh
|9 23888
|
| 700 |
|
|
|a Hassan, Ahmadul
|9 23889
|
| 700 |
|
|
|a Parsons, Luke
|9 23890
|
| 852 |
|
|
|a Ayesha Abed Library
|c General Stacks
|
| 942 |
|
|
|2 ddc
|c BK
|
| 952 |
|
|
|0 0
|1 0
|2 ddc
|4 0
|6 363_738749549200000_CLI
|7 0
|9 61949
|a BRACUL
|b BRACUL
|c GEN
|d 2017-11-23
|e Complimentary copy
|l 0
|o 363.7387495492 CLI
|p 3010031929
|r 2017-11-23
|t 1
|w 2017-11-23
|y BK
|